[Event "27th Czech Open A 2016"]
[Site "Pardubice CZE"]
[Date "2016.07.30"]
[Round "9.7"]
[White "Visakh, N R"]
[Black "Boruchovsky, Avital"]
[Result "1-0"]
[WhiteTitle "IM"]
[BlackTitle "GM"]
[WhiteElo "2431"]
[BlackElo "2531"]
[WhiteFideId "25012223"]
[BlackFideId "2800055"]
[EventDate "2016.07.22"]

1. d4 Nf6 2. c4 e6 3. Nf3 b6 4. g3 Bb7 5. Bg2 Bb4+ 6. Bd2 a5 7. O-O O-O 8. Nc3
d6 9. Qc2 Nbd7 10. b3 Re8 11. Rfe1 h6 12. a3 Bxc3 13. Bxc3 a4 14. b4 Be4 15. Qd1
Qc8 16. Nd2 Bxg2 17. Kxg2 d5 18. e4 dxe4 19. Nxe4 Nxe4 20. Rxe4 Qb7 21. Qf3 b5
22. d5 e5 23. Rae1 f6 24. Bd2 Re7 25. Rg4 Kh8 26. c5 Qc8 27. c6 Nb6 28. Bxh6 Qd8
29. Rd1 Nc4 30. Bc1 Qe8 31. Qf5 Rd8 32. Rh4+ Kg8 33. Qh7+ Kf7 34. Rg4 Qg8 35.
Qg6+ Kf8 36. Bh6 Qf7 37. Qh7 Qg8 38. Qf5 Ke8 39. Qxf6 Rd6 40. Qg5 Nb2 41. Rd2
Nc4 42. Rd3 Qh7 43. Qh5+ g6 44. Qh3 Rf7 45. Rh4 Rf5 46. Bg5 1-0

[Event "27th Czech Open A 2016"]
[Site "Pardubice CZE"]
[Date "2016.07.30"]
[Round "9.8"]
[White "Ladva, Ottomar"]
[Black "Kovalev, Andrei"]
[Result "0-1"]
[WhiteTitle "IM"]
[BlackTitle "GM"]
[WhiteElo "2443"]
[BlackElo "2513"]
[WhiteFideId "4500024"]
[BlackFideId "13500023"]
[EventDate "2016.07.22"]

1. d4 Nf6 2. c4 g6 3. Nc3 Bg7 4. e4 d6 5. Nf3 O-O 6. h3 e5 7. d5 Nh5 8. g3 Na6
9. Be3 f5 10. exf5 gxf5 11. Nh4 Nf6 12. Rg1 Kh8 13. Bd3 e4 14. Be2 Nd7 15. Ng2
Ne5 16. Nf4 Nc5 17. Kf1 Ncd3 18. Bxd3 exd3 19. Bd4 c5 20. dxc6 bxc6 21. Nxd3 c5
22. Bxe5 dxe5 23. Nd5 Qd6 24. Qe2 Be6 25. Rd1 Bxd5 26. Nc1 Qh6 27. cxd5 Qxh3+
28. Ke1 Rab8 29. Nd3 Qh2 30. Qf1 e4 31. Rh1 exd3 32. Rxh2 Rfe8+ 33. Kd2 Rxb2+
34. Kxd3 c4+ 0-1

[Event "27th Czech Open A 2016"]
[Site "Pardubice CZE"]
[Date "2016.07.30"]
[Round "9.9"]
[White "Schlosser, Philipp"]
[Black "Abergel, Thal"]
[Result "1-0"]
[WhiteTitle "GM"]
[BlackTitle "GM"]
[WhiteElo "2509"]
[BlackElo "2457"]
[WhiteFideId "4600169"]
[BlackFideId "614890"]
[EventDate "2016.07.22"]

1. Nf3 Nf6 2. c4 e6 3. g3 d5 4. Bg2 Be7 5. O-O O-O 6. d4 dxc4 7. Ne5 Nc6 8. Nxc6
bxc6 9. Na3 Bxa3 10. bxa3 Nd5 11. Qa4 Nb6 12. Qxc6 Rb8 13. Qc5 Bb7 14. e4 Qd6
15. Rb1 Qxc5 16. dxc5 Na4 17. Rb4 Bc6 18. Bf4 a5 19. Rxc4 Bb5 20. Rcc1 Bxf1 21.
Bxf1 c6 22. Bxb8 Rxb8 23. Rc4 Nb2 24. Rd4 Kf8 25. Ba6 Ra8 26. Be2 Ke7 27. e5 Rd8
28. Rd6 Rc8 29. Rd2 Na4 30. Rc2 Rb8 31. Bf3 Rb2 32. Rc4 Rb1+ 33. Kg2 Nb2 34. Rc3
Na4 35. Rc2 Kd7 36. Rc4 Nb2 37. Rd4+ Ke7 38. Bxc6 Rd1 39. Rd6 f6 40. Ba4 Rd5 41.
exf6+ gxf6 42. Rxd5 exd5 43. Bb5 Nd1 44. Kf3 Nc3 45. Bd3 h6 46. Ke3 Nd1+ 47. Kd4
Nxf2 48. Bf5 Nd1 49. g4 Kd8 50. Kxd5 Kc7 51. Kd4 Kc6 52. h4 Nb2 53. Bc2 1-0

[Event "27th Czech Open A 2016"]
[Site "Pardubice CZE"]
[Date "2016.07.30"]
[Round "9.10"]
[White "Cerveny, Martin"]
[Black "Kononenko, Dmitry1"]
[Result "0-1"]
[WhiteTitle "IM"]
[BlackTitle "GM"]
[WhiteElo "2384"]
[BlackElo "2621"]
[WhiteFideId "321141"]
[BlackFideId "14113007"]
[EventDate "2016.07.22"]

1. c4 e5 2. g3 Nc6 3. Bg2 Bc5 4. e3 d6 5. Ne2 a6 6. O-O Ba7 7. b3 h5 8. d4 h4 9.
Bb2 hxg3 10. hxg3 Qg5 11. Re1 Nf6 12. dxe5 dxe5 13. Nf4 Bg4 14. Qc2 O-O-O 15.
Nd5 Qh5 16. Nd2 Nb4 17. Qc3 Nbxd5 18. cxd5 Rxd5 19. Rac1 c6 20. f3 Rxd2 21. Qxd2
Bxf3 22. Rc4 Qh2+ 23. Kf1 Rh5 24. Re2 Bxg2+ 25. Rxg2 Qh1+ 0-1

[Event "27th Czech Open A 2016"]
[Site "Pardubice CZE"]
[Date "2016.07.30"]
[Round "9.12"]
[White "Cvek, Robert"]
[Black "Neelotpal, Das"]
[Result "1-0"]
[WhiteTitle "GM"]
[BlackTitle "GM"]
[WhiteElo "2522"]
[BlackElo "2467"]
[WhiteFideId "307424"]
[BlackFideId "5003512"]
[EventDate "2016.07.22"]

1. Nf3 Nf6 2. c4 e6 3. g3 d5 4. Bg2 dxc4 5. Qa4+ c6 6. Qxc4 b5 7. Qc2 Bb7 8. O-O
Nbd7 9. b3 c5 10. Bb2 Be7 11. a4 a6 12. axb5 axb5 13. Nc3 Qb6 14. Rxa8+ Bxa8 15.
Qd3 Bc6 16. Nh4 Bxg2 17. Nxg2 c4 18. bxc4 bxc4 19. Qc2 O-O 20. Ne3 Rc8 21. Rc1
Qb3 22. Ncd5 Qxc2 23. Nxe7+ Kf8 24. Rxc2 Kxe7 25. d3 Nd5 26. Nxc4 e5 27. Rc1 f6
28. Ra1 Rc7 29. Ra6 Kf7 30. Kg2 Nc5 31. Rd6 Ne7 32. Ba3 Nf5 33. Bxc5 Rxc5 34.
Rd7+ Kg6 35. e4 Nd4 36. f4 Nb3 37. f5+ Kh6 38. Ne3 Nd4 39. h4 Nc2 40. Ng4+ Kh5
41. Kh3 Ne1 1-0

[Event "27th Czech Open A 2016"]
[Site "Pardubice CZE"]
[Date "2016.07.30"]
[Round "9.13"]
[White "Alsina Leal, Daniel"]
[Black "Gusain, Himal"]
[Result "1/2-1/2"]
[WhiteTitle "GM"]
[WhiteElo "2521"]
[BlackElo "2453"]
[WhiteFideId "2252627"]
[BlackFideId "5033861"]
[EventDate "2016.07.22"]

1. e4 e5 2. Nf3 Nc6 3. Bb5 a6 4. Bxc6 dxc6 5. O-O Ne7 6. Nxe5 Qd4 7. Qh5 g6 8.
Nf3 Qxe4 9. Qa5 Bg4 10. Re1 Qd5 11. Qxc7 Bxf3 12. gxf3 Qxf3 13. d3 Qg4+ 14. Qg3
Qxg3+ 15. hxg3 f6 16. Nd2 Kf7 17. Nb3 Nf5 18. Bd2 Bd6 19. Bc3 Rhe8 20. Na5 Rxe1+
21. Rxe1 Rb8 22. Kg2 h5 23. a4 b6 24. Nc4 Bc7 25. Nd2 Ne7 26. Ne4 Nd5 27. Bd2 a5
28. b3 Rd8 29. f4 Rd7 30. Kf3 Bd8 31. Re2 Nc7 32. Be3 Ne6 33. Rh2 f5 34. Nd2 b5
35. Rh1 Bf6 36. Rb1 Nd4+ 37. Bxd4 Bxd4 38. Nf1 Rb7 39. axb5 cxb5 40. Ne3 Ke6 41.
Ke2 Kd6 42. Kd2 Re7 43. Nd1 b4 44. c3 bxc3+ 45. Nxc3 Bc5 46. Ra1 Bb4 47. d4 h4
48. gxh4 Re4 49. Rg1 Rxd4+ 50. Kc2 Rxf4 51. Rxg6+ Ke5 52. Ne2 Rxh4 53. Rg8 Rh7
54. Kd3 Rd7+ 55. Kc4 f4 56. Re8+ Be7 57. Ra8 Bd8 58. Nxf4 Kxf4 59. b4 axb4 60.
Kxb4 Ke4 61. Rb8 Kd4 62. Rb5 Rf7 63. Rb8 Bc7 64. Rh8 Rf1 65. Kb5 Kd5 66. Rh5+
Be5 67. Rg5 Rb1+ 68. Ka5 Rc1 69. Rh5 Rc5+ 70. Kb4 Kc6 71. Rh6+ Bd6 72. Kb3 Rc1
73. Kb2 Re1 74. Kc3 Kd5 75. Rh5+ Be5+ 76. Kb4 Rc1 77. Kb5 Rc5+ 78. Kb4 Kc6 79.
Rh6+ Bd6 80. Kb3 Rb5+ 81. Kc4 Rb4+ 82. Kc3 Re4 83. Kd3 Ra4 84. Rh5 Bf4 85. Rf5
Kd6 86. Rb5 Be5 87. Rb8 Kd5 88. Rb5+ Ke6 89. Rb6+ Kf5 90. Rb7 Ra3+ 91. Ke2 Bd6
92. Rd7 Ke6 93. Rd8 Bb4 94. Rb8 Rb3 95. Rb5 Rb2+ 96. Kd3 Rd2+ 97. Ke3 Bc3 98.
Rc5 Bd4+ 99. Kxd2 Bxc5 1/2-1/2

[Event "27th Czech Open A 2016"]
[Site "Pardubice CZE"]
[Date "2016.07.30"]
[Round "9.14"]
[White "Malakhov, Igor"]
[Black "Ponizil, Cyril"]
[Result "1/2-1/2"]
[WhiteTitle "IM"]
[BlackTitle "IM"]
[WhiteElo "2451"]
[BlackElo "2510"]
[WhiteFideId "4183088"]
[BlackFideId "322202"]
[EventDate "2016.07.22"]

1. e4 c5 2. Nf3 Nc6 3. Bb5 g6 4. Bxc6 dxc6 5. d3 Bg7 6. Nc3 e5 7. Be3 b6 8. h3
Ne7 9. Qd2 O-O 10. Bh6 f6 11. Bxg7 Kxg7 12. O-O-O Be6 13. g4 g5 14. h4 Bxg4 15.
Nxg5 Kh8 16. Rdg1 Qd7 17. h5 Ng8 18. f3 fxg5 19. fxg4 Rf4 20. Nd1 Nh6 21. Ne3
Nxg4 22. Nf5 Qe6 23. b3 Rg8 24. h6 Rg6 25. Rh5 Qf6 26. Qe2 Nxh6 27. Rgh1 Nxf5
28. Rxh7+ Kg8 29. exf5 Rxf5 30. Rxa7 Rh6 31. Rxh6 Qxh6 32. Qg4 Qh1+ 33. Kb2 Qf3
34. Qc4+ Qd5 35. Qa6 b5 36. a4 bxa4 37. bxa4 Rf7 38. Qc8+ Kg7 39. Rxf7+ Kxf7 40.
Qf5+ Ke8 41. a5 Qd4+ 42. c3 Qd8 43. Qxe5+ Kd7 44. Qxc5 Qb8+ 45. Kc2 Qh2+ 46. Kb3
Qb8+ 47. Kc4 Qg8+ 48. Kd4 g4 49. Ke3 g3 50. Kf3 g2 51. Qa7+ Kd6 52. Qd4+ Kc7 53.
Qa7+ Kd6 54. Ke4 1/2-1/2

[Event "27th Czech Open A 2016"]
[Site "Pardubice CZE"]
[Date "2016.07.30"]
[Round "9.15"]
[White "Hirneise, Tobias"]
[Black "Plat, Vojtech"]
[Result "1/2-1/2"]
[WhiteTitle "IM"]
[BlackTitle "IM"]
[WhiteElo "2452"]
[BlackElo "2498"]
[WhiteFideId "24600881"]
[BlackFideId "325740"]
[EventDate "2016.07.22"]

1. e4 c5 2. Nf3 Nc6 3. d4 cxd4 4. Nxd4 g6 5. c4 Bg7 6. Be3 Nf6 7. Nc3 Ng4 8.
Qxg4 Nxd4 9. Qd1 e5 10. Bd3 O-O 11. O-O d6 12. Qd2 Be6 13. Rad1 a6 14. b3 Qh4
15. f3 h6 16. Qf2 Qxf2+ 17. Rxf2 Rfc8 18. Bxd4 exd4 19. Ne2 b5 20. cxb5 axb5 21.
Bb1 d3 22. Rxd3 d5 23. Rd1 dxe4 24. fxe4 Bf8 25. Kf1 Rd8 26. Rxd8 Rxd8 27. Nc3
b4 28. Nd5 Bxd5 29. exd5 Rxd5 30. Be4 Rd4 31. Bf3 Bd6 32. h3 f5 33. Rc2 Kg7 34.
Ke2 Bf4 35. Rc4 Rd2+ 36. Ke1 Be3 37. Rxb4 Rxa2 38. Rb7+ Kf6 39. b4 Rb2 40. b5 g5
41. Rh7 Ke5 42. Bc6 Kd4 43. Rxh6 Kd3 44. Rd6+ Bd4 45. Bf3 Rb1+ 46. Bd1 Ke3 47.
Re6+ Kf4 48. Kd2 Rxb5 49. g4 fxg4 1/2-1/2

[Event "27th Czech Open A 2016"]
[Site "Pardubice CZE"]
[Date "2016.07.30"]
[Round "9.16"]
[White "Pardo Simon, David"]
[Black "Praggnanandhaa, R"]
[Result "1-0"]
[WhiteTitle "IM"]
[BlackTitle "FM"]
[WhiteElo "2492"]
[BlackElo "2429"]
[WhiteFideId "2296276"]
[BlackFideId "25059530"]
[EventDate "2016.07.22"]

1. Nf3 Nf6 2. c4 g6 3. Nc3 d5 4. cxd5 Nxd5 5. h4 Bg7 6. h5 c5 7. g3 Nc6 8. Bg2
Nxc3 9. bxc3 Qd5 10. Ba3 Be6 11. Qa4 c4 12. Rb1 O-O 13. hxg6 hxg6 14. O-O Qd7
15. Ng5 Bf5 16. Rb2 Rac8 17. Qxc4 Nd4 18. Qd5 Nxe2+ 19. Kh2 Bf6 20. Qxd7 Bxd7
21. Nh3 Rc4 22. Rxb7 Bc8 23. Rxa7 Kg7 24. Bxe7 Rh8 25. Bxf6+ Kxf6 26. Re1 Bxh3
27. Bxh3 Re4 28. Rb1 Rd8 29. Rb6+ Kg5 30. Rxf7 Rxd2 31. Rg7 Nxc3 32. Rgxg6+ Kh5
33. Rh6+ Kg5 34. Rbg6# 1-0

[Event "27th Czech Open A 2016"]
[Site "Pardubice CZE"]
[Date "2016.07.30"]
[Round "9.17"]
[White "Tate, Alan"]
[Black "Belyakov, Bogdan"]
[Result "0-1"]
[WhiteTitle "FM"]
[BlackTitle "IM"]
[WhiteElo "2331"]
[BlackElo "2488"]
[WhiteFideId "2401878"]
[BlackFideId "24104795"]
[EventDate "2016.07.22"]

1. e4 e5 2. Nf3 Nc6 3. Bc4 Bc5 4. c3 Nf6 5. d3 O-O 6. O-O d6 7. b4 Bb6 8. a4 a5
9. b5 Ne7 10. Bg5 Ng6 11. Nh4 Kh8 12. Qb3 Nxh4 13. Bxh4 g5 14. Bxg5 Rg8 15. Bh4
Rg4 16. Bxf6+ Qxf6 17. g3 Rg7 18. Kg2 Qh6 19. h4 Qxh4 20. Rh1 Qf6 21. Ra2 Bg4
22. Kf1 Rag8 23. Ke1 Qf3 24. Rh2 Bxf2+ 25. Raxf2 Qe3+ 26. Re2 Qxg3+ 27. Kd1 Qxh2 0-1

[Event "27th Czech Open A 2016"]
[Site "Pardubice CZE"]
[Date "2016.07.30"]
[Round "9.18"]
[White "Bilguun, Sumiya"]
[Black "Potapov, Pavel"]
[Result "1/2-1/2"]
[WhiteTitle "FM"]
[BlackTitle "GM"]
[WhiteElo "2419"]
[BlackElo "2483"]
[WhiteFideId "4901541"]
[BlackFideId "4169786"]
[EventDate "2016.07.22"]

1. e4 c5 2. Nf3 Nc6 3. d4 cxd4 4. Nxd4 e5 5. Nb5 d6 6. c4 g6 7. N1c3 a6 8. Na3
Be6 9. Be2 Bg7 10. Nc2 Nf6 11. O-O Rc8 12. b3 O-O 13. Be3 Qa5 14. Bd2 Qd8 15.
Be3 Qa5 16. Bd2 1/2-1/2

[Event "27th Czech Open A 2016"]
[Site "Pardubice CZE"]
[Date "2016.07.30"]
[Round "9.19"]
[White "Vyskocil, Neklan"]
[Black "Smirnov, Anton"]
[Result "0-1"]
[WhiteTitle "IM"]
[BlackTitle "IM"]
[WhiteElo "2323"]
[BlackElo "2478"]
[WhiteFideId "307106"]
[BlackFideId "3208923"]
[EventDate "2016.07.22"]

1. d4 d5 2. Nf3 Nf6 3. e3 c6 4. Bd3 Bg4 5. b3 Nbd7 6. Bb2 e6 7. Nbd2 Bd6 8. O-O
O-O 9. c4 a5 10. Qc2 Qb8 11. c5 Bc7 12. Qc3 Bf5 13. Qc2 Bxd3 14. Qxd3 e5 15.
dxe5 Nxe5 16. Qf5 Re8 17. Bd4 Nxf3+ 18. Nxf3 Ne4 19. Qg4 f6 20. g3 Be5 21. Rac1
Qc7 22. Rfd1 Qf7 23. Ne1 Bc7 24. Nd3 Re7 25. Kg2 Rae8 26. h4 f5 27. Qf3 Qg6 28.
Nf4 Qh6 29. Nd3 Rf8 30. Rh1 Qg6 31. Rhd1 Nf6 32. Rh1 Ng4 33. Rhe1 Re4 34. Rh1
Rf7 35. h5 Qg5 36. Rcd1 Nh6 37. Nf4 Rf8 38. Nh3 Qe7 39. Nf4 Re8 40. Rhf1 Nf7 41.
Nh3 Qd7 42. Rd2 Rg4 43. Rh1 Rge4 44. Rf1 Bd8 45. Rh1 Bc7 46. Rf1 R4e7 47. Rh1
Qe6 48. Nf4 Qe4 49. Qxe4 fxe4 50. Ne2 Ng5 51. Rb2 Nf3 52. b4 axb4 53. Rxb4 Ra8
54. a4 Ba5 55. Rb2 Ne1+ 56. Kf1 Nd3 57. Rc2 Bb4 58. Nf4 Rxa4 59. Ke2 Ra3 60. Rd1
Rf7 61. Kf1 Ba5 62. Rb1 Bc7 63. Rxb7 Bxf4 64. Rxf7 Kxf7 65. gxf4 g6 66. hxg6+
Kxg6 67. Rd2 Kf5 68. Kg2 Kg4 69. f5 Kxf5 70. Kg3 Ne1 71. Rd1 Nf3 72. Bg7 Ra7 73.
Bf8 Ra8 74. Bd6 Rg8+ 75. Kh3 Rg1 76. Rxg1 Nxg1+ 77. Kh4 Kg6 78. Kg4 h5+ 79. Kf4
Kf6 80. Be5+ Ke6 81. Bb2 Nf3 82. Ba1 Kd7 83. Bf6 Kc7 0-1

[Event "27th Czech Open A 2016"]
[Site "Pardubice CZE"]
[Date "2016.07.30"]
[Round "9.20"]
[White "Puranik, Abhimanyu"]
[Black "Anurag, Mhamal"]
[Result "1/2-1/2"]
[WhiteTitle "IM"]
[BlackTitle "IM"]
[WhiteElo "2475"]
[BlackElo "2392"]
[WhiteFideId "5061245"]
[BlackFideId "5024366"]
[EventDate "2016.07.22"]

1. e4 e5 2. Nf3 Nc6 3. Bb5 a6 4. Ba4 Nf6 5. O-O Be7 6. Re1 b5 7. Bb3 d6 8. c3
O-O 9. d4 Bg4 10. Be3 Na5 11. dxe5 Bxf3 12. Qxf3 dxe5 13. Bc2 Nc4 14. Bc1 Qd7
15. b3 Nd6 16. Nd2 Qc6 17. Nf1 b4 18. Bb2 Nb5 19. c4 Nc3 20. Bxc3 bxc3 21. Qxc3
Bc5 22. Qf3 Rad8 23. Rad1 Qb6 24. Ne3 Qa5 25. Bb1 c6 26. Kf1 Qc3 27. Rc1 Qb2 28.
Red1 Rd4 29. Qe2 Qxe2+ 30. Kxe2 Nxe4 31. Rxd4 exd4 32. Bxe4 dxe3 33. fxe3 Re8
34. Bxc6 Rxe3+ 35. Kf1 Kf8 36. Rd1 Re6 37. Rd8+ Ke7 38. Rc8 Bb4 39. Bd5 Rd6 40.
Ke2 Rd8 41. Rxd8 Kxd8 42. Bxf7 Ke7 43. Bg8 h6 44. Kd3 Kd6 45. Kd4 a5 46. Bd5 Ba3
47. h3 Bb2+ 48. Ke4 Ba3 49. Kf5 Bb2 50. Kg6 Kc5 51. Kf7 Kd6 52. Ke8 Bf6 53. Bf3
Bg5 54. Be4 Bf6 55. Bb1 Bg5 56. Kf7 Bf6 57. a3 Kc5 58. Ba2 Be5 59. h4 Bf6 60. h5
Bb2 61. b4+ axb4 62. a4 b3 63. Bxb3 Bc3 64. Ke6 Ba5 65. Kd7 Bc3 66. g4 Bd2 67.
Ke6 Bc3 68. Kf7 Kb4 69. Ke6 Kc5 70. Kf5 Kb4 71. Ke6 Kc5 72. Ba2 Bd2 73. Ke5 Bc3+
74. Ke4 Bd2 75. Kd3 Ba5 76. Bb3 Bb6 77. Ke4 Ba5 78. Ba2 Bc3 79. Kd3 Be1 80. Bb1
Ba5 81. Bc2 Bb6 82. Kc3 Ba5+ 83. Kb3 Kd4 84. Bf5 Be1 85. Bd7 Kc5 86. Bb5 Kd4 87.
Kc2 Bb4 88. Kb2 Ba5 89. Kc1 Bb4 90. Kc2 Ba5 91. Kd1 Bb4 92. Ke2 Ke4 93. Ba6 Kd4
94. Kf2 Ke4 95. Bb5 Bc5+ 96. Ke2 Bb6 97. Ba6 Ba5 98. Kf2 Bb6+ 99. Ke1 Ke3 100.
Kd1 Bc5 101. Kc2 Bb4 102. Kb3 Ba5 103. c5 Kd4 104. c6 Kc5 105. Bb7 Kd4 106. Bc8
Kd5 107. Bd7 Kc5 108. Ka3 Kd5 109. Be8 Kc5 110. Kb3 Kd5 111. Bd7 Kc5 112. Ka3
Bc7 113. Be8 Kc4 114. Bd7 Bd6+ 115. Kb2 Kb4 116. Kc2 Bc7 117. Kd3 Kxa4 118. Ke4
Ka5 119. Kd5 Kb6 120. Ke6 1/2-1/2

[Event "27th Czech Open A 2016"]
[Site "Pardubice CZE"]
[Date "2016.07.30"]
[Round "9.21"]
[White "Nasuta, Grzegorz"]
[Black "Chigaev, Maksim"]
[Result "1/2-1/2"]
[WhiteTitle "IM"]
[BlackTitle "IM"]
[WhiteElo "2417"]
[BlackElo "2549"]
[WhiteFideId "1141686"]
[BlackFideId "4108116"]
[EventDate "2016.07.22"]

1. e4 c5 2. Nf3 d6 3. Bb5+ Bd7 4. Bxd7+ Nxd7 5. b3 Ngf6 6. d3 g6 7. Bb2 Bg7 8.
O-O O-O 9. Nbd2 Rc8 10. Re1 Re8 11. Nf1 Nb8 12. c4 Nc6 13. d4 cxd4 14. Nxd4 Ne5
15. Nf3 Ned7 16. e5 dxe5 17. Nxe5 Nxe5 18. Bxe5 Qxd1 19. Raxd1 Red8 20. Ne3 Nd7
21. Bxg7 Kxg7 22. Re2 Nc5 23. Red2 Rxd2 24. Rxd2 a5 25. f3 f5 26. Kf2 Kf7 27.
Nd5 Rd8 28. Ke3 e6 29. Nf4 Rc8 30. Nd3 Nd7 31. Nb2 Ke7 32. Na4 Rg8 33. Kd3 g5
34. Ke3 h5 35. a3 h4 36. c5 h3 37. g3 Ne5 38. Nb6 f4+ 39. gxf4 gxf4+ 40. Kxf4
Rg2 41. Rd6 Ng6+ 42. Ke3 Rxh2 43. Rd7+ Kf6 44. Rxb7 Rb2 45. Rh7 h2 46. Nc4 Rxb3+
47. Ke4 Rc3 48. Kd4 Rc1 49. Rxh2 e5+ 50. Nxe5 Nxe5 51. Rh6+ Kf5 52. Ra6 Nxf3+
53. Kd5 Rd1+ 54. Kc6 Ne5+ 55. Kb7 Nc4 56. c6 Rb1+ 57. Ka7 Nd6 58. c7 Nc8+ 59.
Ka8 Ke5 60. Rh6 Rc1 61. Kb8 Nd6 62. Rh5+ Ke6 63. Rh6+ Kd5 64. Rh5+ Kc6 65. c8=Q+
Nxc8 66. Kxc8 Kb6+ 67. Kd7 Rc3 68. a4 Rd3+ 69. Ke6 Rd4 70. Rb5+ Ka6 71. Rb1 Rxa4
72. Kd5 Rh4 73. Kc5 a4 74. Rb4 Rxb4 1/2-1/2

[Event "27th Czech Open A 2016"]
[Site "Pardubice CZE"]
[Date "2016.07.30"]
[Round "9.22"]
[White "Lintchevski, Daniil"]
[Black "Makoto, Rodwell"]
[Result "1-0"]
[WhiteTitle "GM"]
[BlackTitle "IM"]
[WhiteElo "2548"]
[BlackElo "2406"]
[WhiteFideId "4171055"]
[BlackFideId "11000120"]
[EventDate "2016.07.22"]

1. e4 e5 2. Nf3 Nc6 3. Bb5 a6 4. Bxc6 dxc6 5. O-O Bg4 6. h3 Bh5 7. g4 Bg6 8.
Nxe5 Qh4 9. Qf3 f6 10. Nxg6 hxg6 11. Kg2 Qh7 12. d3 g5 13. Rh1 Ne7 14. Kf1 Qg8
15. Be3 Ng6 16. Nd2 Bd6 17. Nc4 Nh4 18. Nxd6+ cxd6 19. Qg3 O-O-O 20. c4 Ng6 21.
b3 Qe6 22. Re1 Ne5 23. Ke2 d5 24. cxd5 cxd5 25. Rc1+ Nc6 26. f3 Rd7 27. Bb6 g6
28. Rc5 Re8 29. Kf2 dxe4 30. fxe4 Rf8 31. Re1 f5 32. exf5 Qf6 33. Re2 Qd4+ 34.
Kg2 Qb4 35. Ba7 Qf4 36. Qxf4 gxf4 37. d4 gxf5 38. gxf5 Kc7 39. Re6 Rg7+ 40. Kf2
Kd7 41. Bb6 Rh7 42. d5 Rxf5 43. Re4 Ne7 44. Rc7+ Kd6 45. Re6+ Kxd5 46. Rexe7
Rxh3 47. Rc5+ Kd6 48. Rxf5 Kxe7 49. Ke2 Rc3 50. Rc5 Re3+ 51. Kd2 Rh3 52. Rc7+
Kd6 53. Rxb7 Rh2+ 54. Kc3 Kc6 55. Rb8 Rxa2 56. Bd4 Ra1 57. Rf8 Rc1+ 58. Kb4 Rf1
59. Rf5 f3 60. Be3 Kd6 61. Ra5 Re1 62. Bc5+ Kd5 1-0

[Event "27th Czech Open A 2016"]
[Site "Pardubice CZE"]
[Date "2016.07.30"]
[Round "9.23"]
[White "Novikov, Stanislav"]
[Black "Girish, A. Koushik"]
[Result "1/2-1/2"]
[WhiteTitle "GM"]
[BlackTitle "IM"]
[WhiteElo "2528"]
[BlackElo "2399"]
[WhiteFideId "4125371"]
[BlackFideId "5038448"]
[EventDate "2016.07.22"]

1. g3 Nf6 2. Bg2 d5 3. d3 g6 4. Nd2 Bg7 5. e4 O-O 6. Ngf3 c5 7. O-O Nc6 8. Re1
e5 9. exd5 Nxd5 10. Nc4 Re8 11. Ng5 Nb6 12. Bxc6 bxc6 13. Qf3 Qd5 14. Nd6 Re7
15. Nxc8 Rxc8 16. g4 Qxf3 17. Nxf3 c4 18. Bf4 cxd3 19. cxd3 Rce8 20. Bg5 Re6 21.
Rac1 h6 22. Be3 Rd8 23. g5 Rxd3 24. gxh6 Bxh6 25. Bxh6 Rxf3 26. Be3 Kg7 27. Red1
Rh3 28. Rd8 Rh8 29. Rxh8 Kxh8 30. b3 Kg7 31. a4 Kf6 32. a5 Nc8 33. Rc4 Ke7 34.
Rb4 Kd6 35. a6 Re7 36. Rb8 Rc7 37. b4 Kd7 38. Rb7 Nd6 39. Rxa7 Rxa7 40. Bxa7 Kc8
41. Kg2 Nb5 42. Bb6 Nc3 43. Kg3 Nd5 44. Bc5 Nc7 45. a7 Kb7 46. Bd6 Ne6 47. Bxe5
Kxa7 48. f4 f5 49. h4 Kb6 50. h5 gxh5 51. Kh4 Kb5 52. Kxh5 Kxb4 53. Kg6 c5 54.
Kxf5 Nxf4 55. Ke4 1/2-1/2

[Event "27th Czech Open A 2016"]
[Site "Pardubice CZE"]
[Date "2016.07.30"]
[Round "9.24"]
[White "Vokac, Marek"]
[Black "Demidov, Mikhail"]
[Result "0-1"]
[WhiteTitle "GM"]
[BlackTitle "IM"]
[WhiteElo "2415"]
[BlackElo "2514"]
[WhiteFideId "300101"]
[BlackFideId "4197143"]
[EventDate "2016.07.22"]

1. Nf3 Nf6 2. c4 b6 3. d4 e6 4. Nc3 Bb7 5. Bg5 Bb4 6. e3 h6 7. Bh4 g5 8. Bg3 Ne4
9. Qc2 Bxc3+ 10. bxc3 Nxg3 11. fxg3 g4 12. Ne5 Qg5 13. Qf2 f6 14. Nd3 Nc6 15.
Be2 O-O-O 16. Qf4 Na5 17. c5 Nc4 18. Kf2 Nd2 19. Rhc1 e5 20. dxe5 fxe5 21. Qxg5
hxg5 22. Kg1 Nc4 23. e4 Bxe4 24. Nf2 Bd5 25. Nxg4 bxc5 26. Bxc4 Bxc4 27. Nxe5
Be6 28. Re1 Rde8 29. Nf3 g4 30. Ng5 Bd5 31. h4 Kb7 32. a3 Kc6 33. Rab1 a5 34.
Rxe8 Rxe8 35. Rb2 a4 36. Kf2 Bc4 37. Rd2 d5 38. Kg1 Bb3 39. Nh7 Re6 40. Kf2 Rh6
41. Ng5 Kb5 42. Re2 Kc4 43. Re6 Rh8 44. Rc6 Kxc3 45. Rxc5+ Kb2 46. Ne6 Kxa3 47.
Rxc7 Rb8 48. Nc5 Ka2 49. Ke3 a3 50. h5 Kb1 51. Kd2 a2 52. Re7 a1=Q 0-1

[Event "27th Czech Open A 2016"]
[Site "Pardubice CZE"]
[Date "2016.07.30"]
[Round "9.25"]
[White "Duzhakov, Ilya"]
[Black "Petr, Martin"]
[Result "0-1"]
[WhiteTitle "FM"]
[BlackTitle "GM"]
[WhiteElo "2404"]
[BlackElo "2505"]
[WhiteFideId "4192516"]
[BlackFideId "318299"]
[EventDate "2016.07.22"]

1. d4 e6 2. c4 Nf6 3. Nf3 d5 4. g3 dxc4 5. Bg2 Bd7 6. Ne5 Bc6 7. Nxc6 Nxc6 8.
O-O Qd7 9. e3 O-O-O 10. Qa4 Nd5 11. Qxc4 h5 12. Nc3 h4 13. Bd2 hxg3 14. hxg3 f5
15. Rfc1 g5 16. Nxd5 exd5 17. Qa4 Kb8 18. b4 Ne7 19. b5 Nc8 20. Qb3 Nb6 21. Rc5
Bxc5 22. dxc5 Nc4 23. Bc3 Rhf8 24. Rd1 Qe6 25. Rd3 f4 26. Bxd5 Rxd5 27. Qxc4
fxg3 28. fxg3 Rd6 29. Qxe6 Rxe6 30. a4 g4 31. a5 Kc8 32. Bd4 Rf5 33. Rd2 b6 34.
cxb6 cxb6 35. axb6 axb6 36. Rb2 Kb7 37. Rb4 Rh5 38. Kf1 Rh2 39. Rc4 Ra2 40. Kg1
Rd6 41. Rb4 Rd7 42. Rb1 Rd5 43. Rb4 Ra5 44. Kf2 Rdxb5 45. Rxb5 Rxb5 46. e4 Rb3 0-1

[Event "27th Czech Open A 2016"]
[Site "Pardubice CZE"]
[Date "2016.07.30"]
[Round "9.26"]
[White "Roy, Prantik"]
[Black "Gundavaa, Bayarsaikhan"]
[Result "1-0"]
[WhiteTitle "IM"]
[BlackTitle "GM"]
[WhiteElo "2403"]
[BlackElo "2503"]
[WhiteFideId "5035120"]
[BlackFideId "4901045"]
[EventDate "2016.07.22"]

1. Nf3 f5 2. d4 g6 3. Nc3 Nf6 4. Qd3 d5 5. Bf4 Bg7 6. Ne5 Nh5 7. e3 c6 8. Be2
Nxf4 9. exf4 Nd7 10. h4 Nxe5 11. fxe5 Bh6 12. g3 Qb6 13. b3 f4 14. g4 f3 15.
Bxf3 O-O 16. g5 Bg7 17. O-O-O a5 18. Na4 Qb4 19. Kb2 Bf5 20. Qe2 e6 21. Bg4 Rf7
22. Bxf5 Rxf5 23. Nc5 Rxe5 24. Qd3 Qxc5 25. dxc5 Re3+ 26. Kc1 Rxd3 27. Rxd3 Rf8
28. Re1 e5 29. f3 Kf7 30. Rg1 h5 31. gxh6 Bxh6+ 32. Kd1 Kf6 33. Ke2 Kf5 34. a4
Rh8 35. b4 axb4 36. Rb3 Bf4 37. Rxb4 Rxh4 38. Rxb7 Rh2+ 39. Kd3 e4+ 40. fxe4+
dxe4+ 41. Kc3 Be5+ 42. Kb3 Rh3+ 43. Kb4 e3 44. a5 e2 45. a6 Bd4 46. Rb1 Bc3+ 47.
Ka4 Rh4+ 48. Kb3 Rd4 49. a7 Rd1 50. Rxd1 exd1=Q 51. a8=Q Bf6 52. Qc8+ Kg5 53.
Qxc6 Qb1+ 54. Kc4 Qxc2+ 55. Kb5 Qb3+ 56. Ka6 Qa3+ 57. Kb6 Bd8+ 58. Rc7 Qb4+ 59.
Ka6 Bxc7 60. Qxc7 Qa4+ 61. Kb7 Qb5+ 62. Kc8 Qa6+ 63. Kd8 Qa8+ 64. Kd7 Qd5+ 65.
Qd6 Qf5+ 66. Kd8 Kh6 67. c6 Qa5+ 68. c7 Qg5+ 69. Kd7 Qf5+ 70. Qe6 Qb5+ 71. Kd8
Qg5+ 72. Qe7 Qd5+ 73. Ke8 Qa8+ 74. Kd7 Qd5+ 75. Qd6 Qf7+ 76. Kd8 Qg8+ 77. Ke7
Qa8 78. Qf4+ Kh5 79. Qh2+ Kg4 80. Qe2+ Kg5 81. Qe3+ Kh5 82. Qc5+ g5 83. c8=Q 1-0